000 02901cam a22006014i 4500
003 PE-LiUPU
005 20250731165614.0
008 150706s r 000 0 d
020 _a9789972976599
035 _a(Sirsi) i9789972976599
035 _a(Sirsi) i9789972976599
040 _aPE-LiUPU
_bspa
_cPE-LiUPU
_erda
049 _aPRUA
082 0 4 _a333.91
_bA
_221
245 0 1 _aAgua madre :
_bverdades e imágenes Andes, Amazonía, Centro América y Antártida /
_cAlejandro Balaguer.
264 1 _a[Lima] :
_bGraph Ediciones : Asociación Andes y Mares,
_c2007.
300 _a251 páginas :
_bilustraciones color ;
_c29 cm.
336 _atext
_2rdacontent
337 _aunmediated
_2rdamedia
338 _avolume
_2rdacarrier
505 0 _aApus que dan vida -- Gods that give out life.- Visión Andina y Mundial -- The Andean and the World vision -- Ciencia en el Lejano Sur -- Science in the Southest South -- Los otros Bosques de América -- The other forests of the Americas -- Proyección al Futuro -- Projection towards the future -- Colofón. Colophon -- Estadísticas. Statistics.
526 _aSEG44
526 _aSEG26
526 _aP151
526 _aP150
526 _aP149
526 _aP146
526 _aP145
526 _aP126
526 _aP125
526 _aP92
526 _aP75
526 _aP74
526 _aP27
526 _aP15
541 _g015-0014331;
541 _g015-0016191;
650 0 4 _aHidrología
_zAmérica Latina
_vLibros de láminas.
650 0 4 _aHidrología
_xAntártida
_vLibros de láminas.
650 0 4 _aFotografía de la naturaleza
_zLatin America.
700 1 _aBalaguer, Alejandro
700 1 _aGarcía Perez, Alan
700 1 _aPancorvo Pásara, Anel,
_eed.
700 1 _aYonz Martínez, Antonio,
_etr.
910 _agl20121009
942 _2ddc
_cBOOK
949 _aRC 333.91 A
_wDEWEY
_c1
_i65508
_lRC
_mBUL
_p54.00
_r0
_sY
_tBOOK
_u2015-7-6
_xINGENIERIA
_PP24
_0COMPRA
_o.CIRCNOTE. No olvidar cambiar la fecha de devolución!!!!!!!
_o.STAFF. Colección General
949 _aRC 333.91 A
_wDEWEY
_c2
_i69105
_lRC
_mBUL
_p38.00
_r0
_sY
_tBOOK
_u2015-7-6
_xINGENIERIA
_PP24
_0COMPRA
_o.CIRCNOTE. No olvidar cambiar la fecha de devolución!!!!!!!
_o.STAFF. Colección General
994 _aC0
_bPEPRU
596 _a1
999 _aRC 333.91 A
_wDEWEY
_c53993
_i65508
_d53993
_e2018-4-22
_f2021-11-8
_g7
_lRCG
_mBUL
_n1
_p54.00
_r1
_sY
_tBOOK
_u2015-7-6
_xBIBLIOTECA
_PP24
_0COMPRA
_o.CIRCNOTE. No olvidar cambiar la fecha de devolución!!!!!!!
_o.STAFF. Colección General
999 _aRC 333.91 A
_wDEWEY
_c2
_i69105
_f2021-11-8
_g7
_lRCG
_mBUL
_p38.00
_r1
_sY
_tBOOK
_u2015-7-6
_xBIBLIOTECA
_PP24
_0COMPRA
_o.CIRCNOTE. No olvidar cambiar la fecha de devolución!!!!!!!
_o.STAFF. Colección General
980 _81
_gALBERTO SANCHEZ Responsable de Automatización